000 01182nam a2200277Ia 4500
005 20240524101506.0
008 130821s2008 sp ao gr spa
020 _a9788498350234
040 _aCo-BoUCM
_bspa
_cDavid Moreno (modificó)
_dDavid Moreno (modificó)
041 0 0 _aspa
060 0 0 _aQT 260
245 0 0 _aBiomecánica y bases neuromusculares de la actividad física y el deporte
_cOlaia Abadía García de Vicuña...[et al.] ; direccción de Mikel Redín Izquierdo
260 _aMadrid (España)
_bEditorial Médica Panamericana
_c2008
300 _axvi, 769 páginas
_bilustraciones color, fotografías color
502 _aIncluye bibliografía e índices analítico y general.
650 0 4 _aBiomecánica
_910139
650 0 4 _aEjercicio
_xAspectos fisiológicos
_913945
650 0 4 _aMedicina deportiva
_919146
700 1 _aAbadía García de Vicuña, Olaia
_9154610
700 1 _aAbardía Colás, Francisco
_9154611
700 1 _aAlcántara Alcocer, Enrique
_9154612
700 1 _aAlegre Durán, Luis María
_9154613
700 1 _aAlemany Mut, Sandra
_9154614
700 1 _aIzquierdo Redín, Mikel
_9154615
942 _cLIBRO
_a15
_e1
_mI99b
_2NLM
_hQT 260
_n0
999 _c64815
_d64815